| 000 | 03319cam a2200373 a 4500 | ||
|---|---|---|---|
| 001 | 15762787 | ||
| 003 | Nust- CAS-E | ||
| 005 | 20180118181404.0 | ||
| 008 | 090604s2010 flua b 001 0 eng | ||
| 010 | _a 2009022591 | ||
| 015 |
_aGBA991300 _2bnb |
||
| 015 |
_aGBA991300 _2dnb |
||
| 016 | 7 |
_a015371585 _2Uk |
|
| 020 | _a9781420095173 | ||
| 020 | _a142009517X | ||
| 035 | _a(OCoLC)ocn237886117 | ||
| 040 |
_aDLC _cDLC _dYDX _dBTCTA _dBAKER _dYDXCP _dUKM _dCDX _dBWX _dAGL _dOKU _dUBY _dDEBBG _dDLC |
||
| 050 | 0 | 0 |
_aTP339 _b.B5767 2010 |
| 070 | 0 |
_aTP339 _b.B5767 2010 |
|
| 082 | 0 | 0 |
_a662.88 _222 _bBIO 2010 |
| 245 | 0 | 0 |
_aBiomass to renewable energy processes / _cedited by Jay Cheng. |
| 260 |
_aBoca Raton : _bCRC Press/Taylor & Francis, _cc2010. |
||
| 300 |
_axi, 505 p. : _bill. ; _c25 cm. |
||
| 502 | _a0 | ||
| 504 | _aIncludes bibliographical references and index. | ||
| 505 | 0 | _aBiomass chemistry / Deepak R. Keshwani -- Biomass resources / Ziyu Wang and Deepak R. Keshwani -- Biomass logistics / Matthew W. Veal -- Kinetics and microbiology of biological processes / Jay J. Cheng -- Anaerobic digestion for biogas production / Jay J. Cheng -- Biological process for ethanol production / Jay J. Cheng -- Biological process for butanol production / Jian-Hang Zhu and Fangxiao Yang -- Chemical conversion process for biodiesel production / Dong-Zhi Wei, Fangxiao Yang, and Erzheng Su -- Thermochemical conversion of biomass to power and fuels / Hasan Jameel ... [et al.]. | |
| 520 | _a"Continuously increased consumption of fossil fuels, decreased availability of easily accessible fossil fuels, significant contributions to climate change and wildly fluctuating fuels prices have combine to challenge the reliability and sustainability of our current energy supply. A possible solution to this energy challenge, biomass energy production, heavily dependent on sugarcane and corn production, is vulnerable to the fluctuation of the feedstock price. New technologies need to be developed to convert abundant biomass such as lignocellulosic materials into energy products in a cost-effective and environmentally friendly manner. An introduction to fundamental principles and practical applications, Biomass to Renewable Energy Processes explains the theories of biological processes, biomass materials and logistics, and conversion technologies for bioenergy products such as biogas, ethanol, butanol, biodiesel, and synthetic gases. The book discusses anaerobic digestion of waste materials for biogas and hydrogen production, bioethanol and biobutanol production from starch and cellulose, and biodiesel production from plant oils. It addresses thermal processes, including gasification and pyrolysis of agricultural residues and woody biomass. The text also covers pretreatment technologies, enzymatic reactions, fermentation, and microbiological metabolisms and pathways. It explores the engineering principles of biomass gasification and pyrolysis and potential end-products."--Publisher's description. | ||
| 650 | 0 | _aBiomass energy. | |
| 650 | 0 | _aRenewable energy sources. | |
| 700 | 1 | _aCheng, Jay. | |
| 906 |
_a7 _bcbc _corignew _d1 _eecip _f20 _gy-gencatlg |
||
| 942 |
_2ddc _cBK |
||
| 999 |
_c355504 _d355504 |
||